| 000 | 00582 a2200169 4500 | ||
|---|---|---|---|
| 020 | _a1580531636 | ||
| 040 | _aDLC | ||
| 082 | 0 | 0 | _a621.382 |
| 100 | 1 | _aLee, Byeong Gi. | |
| 245 | 1 | 0 |
_aIntegrated broadband networks: TCP/IP, ATM, SDH/SONET, and WDM/Optics _bTCP/IP, ATM, SDH/SONET, and WDM/Optics / _cByeong Gi Lee, Woojune Kim. |
| 260 |
_aBoston : _bArtech House, _cc2002. |
||
| 300 |
_axviii, 605 p. : _bill. ; _c24 cm. |
||
| 440 | 0 | _aArtech House telecommunications library | |
| 650 | 0 | _aBroadband communication systems. | |
| 700 | 1 | _aKim, Woojune. | |
| 942 |
_cBK _k621.382 LEE _2ddc |
||
| 999 |
_c5733 _d5733 |
||